| 000 | 00527nam a22001697a 4500 | ||
|---|---|---|---|
| 003 | CEME | ||
| 005 | 20210628210617.0 | ||
| 008 | 210210b xxu||||| |||| 00| 0 eng d | ||
| 020 | _a0-471-10608-9 | ||
| 040 | _c. | ||
| 082 | _a502.82 BRE | ||
| 100 |
_aBreese, Mark B.H King, Philip J.C Jamieson, David.N _980154 |
||
| 245 | _aMaterials analysis using a nuclear microprobe | ||
| 260 |
_aNEW YORK _bJOHN WILEY _c1996 |
||
| 650 |
_aMATERIALS ANALYSIS ION BOMBARDMENT MATERIALS-EFFECT OF RADIATION ON. _980155 |
||
| 942 |
_cBK _2ddc |
||
| 999 |
_c585124 _d585124 |
||